000 01822nam a2200277Ia 4500
999 _c52642
_d52642
001 19666
003 GE_BSU
005 20200316195944.0
008 181216s2017||||ge |||||||||||||| ||geo||
040 _cGE_BSU
041 _ageo
080 _a27 + 341 რ-90
245 _aრუმინეთის, ბულგარეთის, ავსტრიის, ლატვიის, ლიტვის, ესტონეთის, მოლდავეთის, სომხეთის,აზერბაიჯანის, რუსეთისა და ბელორუსიის კანონმდებლობა :
_bრელიგიისა და რწმენის თავისუფლების შესახებ წ. 3 /
_cმთ. რედ. ზაზა ვაშაყმაძე ; რედ. მერი ლომია ; მთარგ. ზაზა ვაშაყმაძე, არჩილ მეტრეველი და სხვ.
260 _aთბილისი
260 _bრელიგიის საკითხთა სახელმწიფო სააგენტო
260 _c2017
300 _a160 გვ. ;
_c24 სმ.
653 _aრელიგია
653 _aსამართალი
700 _a ვაშაყმაძე, ზაზა
_eმთავარი რედაქტორი
_97751
700 _aლომია, მერი
_eრედაქტორი
_959
700 _dვაშაყმაძე, ზაზა
_eმთარგმნელი
_958
700 _aმეტრეველი, არჩილ
_eმთარგმნელი
_960
710 _aრელიგიის საკითხთა სახელმწიფო სააგენტო
_963
942 _cBK
_2udc